[Event "60th Russian Women's SuperFinal"]
[Site "Moscow RUS"]
[Date "2010.11.19"]
[EventDate "2010.11.16"]
[Round "4"]
[Result "0-1"]
[White "Nazi Paikidze"]
[Black "Natalia Pogonina"]
[WhiteElo "2401"]
[BlackElo "2472"]
[PlyCount "100"]

1. d4 Nf6 2. c4 e6 3. Nc3 Bb4 4. e3 O-O 5. Bd3 d5 6. Ne2 dxc4
7. Bxc4 e5 8. O-O exd4 9. exd4 Nbd7 10. Bg5 Be7 11. Qd3 Nb6
12. Bb3 c6 13. Rfe1 Nfd5 14. Bxe7 Nxe7 15. Nf4 Bf5 16. Qf3 Qd7
17. h3 Ng6 18. Rad1 Rae8 19. Rxe8 Rxe8 20. Nh5 Nh4 21. Qg3 Ng6
22. d5 c5 23. Rd2 c4 24. Bd1 Bd3 25. Bf3 Qe7 26. Kh2 Qe5
27. d6 Qxg3+ 28. Nxg3 Rd8 29. Bxb7 Rxd6 30. Be4 Rd7 31. b3
Bxe4 32. Rxd7 Nxd7 33. Ngxe4 cxb3 34. axb3 Kf8 35. b4 Nge5
36. Nb5 Nc6 37. Kg3 a6 38. Na3 Nxb4 39. Nc4 Ke7 40. Kf4 Nd5+
41. Kf3 f5 42. Ned2 Ke6 43. Na5 Ne5+ 44. Ke2 Nf4+ 45. Kf1 Kd5
46. h4 Nfg6 47. g3 Ne7 48. f4 N7c6 49. Nab3 Nc4 50. Nb1 Nd6
0-1

[Event "60th Russian Women's SuperFinal"]
[Site "Moscow RUS"]
[Date "2010.11.23"]
[EventDate "2010.11.16"]
[Round "7"]
[Result "1/2-1/2"]
[White "Olga Girya"]
[Black "Nazi Paikidze"]
[WhiteElo "2435"]
[BlackElo "2401"]
[PlyCount "113"]

1. d4 Nf6 2. Nf3 e6 3. c4 d5 4. Nc3 Bb4 5. Bg5 Nbd7 6. e3 c5
7. cxd5 exd5 8. Bd3 Qa5 9. Qc2 c4 10. Bf5 O-O 11. O-O Re8
12. Nd2 g6 13. Bxd7 Nxd7 14. Rae1 Nb6 15. f3 Bd7 16. Bh6 Bxc3
17. bxc3 Na4 18. Nb1 Re6 19. e4 Rae8 20. Re3 Qd8 21. Bf4 b5
22. Qf2 f6 23. Rfe1 Bc6 24. e5 Nb6 25. h4 Nd7 26. exf6 Qxf6
27. Bg5 Qf7 28. Rxe6 Rxe6 29. Rxe6 Qxe6 30. Qg3 Kg7 31. Qc7 b4
32. cxb4 Ba4 33. Qxa7 Qe1+ 34. Kh2 Bc6 35. Qa6 Nb8 36. Qb6 h6
37. Qc7+ Bd7 38. Bd8 g5 39. Qg3 Qxb1 40. Qe5+ Kf7 41. Qe7+ Kg8
42. Bc7 Qh7 43. Qd8+ Kf7 44. Bxb8 Qf5 45. Be5 c3 46. Qc7 c2
47. g4 c1=Q 48. Qxc1 Qxf3 49. hxg5 Qf2+ 50. Kh1 Qf3+ 51. Kg1
Qxg4+ 52. Kf2 Qh4+ 53. Ke3 Qxg5+ 54. Bf4 Qe7+ 55. Be5 Qg5+
56. Bf4 Qe7+ 57. Be5 1/2-1/2

[Event "60th Russian Women's SuperFinal"]
[Site "Moscow RUS"]
[Date "2010.11.24"]
[EventDate "2010.11.16"]
[Round "8"]
[Result "0-1"]
[White "Nazi Paikidze"]
[Black "Alisa Galliamova"]
[WhiteElo "2401"]
[BlackElo "2487"]
[PlyCount "166"]

1. e4 c5 2. Nf3 d6 3. d4 cxd4 4. Nxd4 Nf6 5. Nc3 e6 6. f4 a6
7. Qf3 Qb6 8. Nb3 Qc7 9. g4 b5 10. g5 b4 11. Nb5 axb5 12. gxf6
gxf6 13. Bxb5+ Nd7 14. f5 e5 15. Bd3 Bb7 16. O-O Nb6 17. Be3
Nc4 18. Bxc4 Qxc4 19. Nd2 Rg8+ 20. Kh1 Qxc2 21. Rac1 Qd3
22. Rc7 Qb5 23. Rfc1 Rd8 24. a4 bxa3 25. bxa3 Rd7 26. Qd1 Rxc7
27. Rxc7 Be7 28. Qc2 Bd8 29. Rc4 d5 30. Rb4 Qc6 31. Qb1 Ba8
32. Rb8 d4 33. Bf2 Rg4 34. h3 Rf4 35. Kg1 Rxf5 36. Kf1 Rf4
37. Qb4 Rxe4 38. Nxe4 Qa6+ 39. Kg1 Bxe4 40. Bxd4 Qe2 41. Qa4+
Ke7 42. Bc5+ Ke6 43. Qe8+ Kf5 44. Qd7+ Kf4 45. Qg4+ Qxg4+
46. hxg4 Ba5 47. Rb5 Bc3 48. a4 Bc6 49. Rb6 Bxa4 50. Rxf6+
Kxg4 51. Rxf7 h5 52. Rg7+ Kf5 53. Be3 Bd1 54. Kf2 Bg4 55. Kg2
Ke4 56. Bf2 Bd4 57. Bh4 Kf4 58. Rf7+ Ke3 59. Kg3 e4 60. Re7
Kd3 61. Bg5 e3 62. Bxe3 Bxe3 63. Kh4 Bb6 64. Re8 Bd4 65. Kg5
Bd1 66. Re7 Be3+ 67. Kh4 Be2 68. Rh7 Bb6 69. Rh8 Bd4 70. Re8
Bf6+ 71. Kh3 Bf1+ 72. Kh2 h4 73. Rf8 Be5+ 74. Kh1 Be2 75. Rf2
Bg4 76. Rf7 h3 77. Rh7 Ke3 78. Rh4 Bc8 79. Rh7 Kf2 80. Rc7 Bg4
81. Rf7+ Kg3 82. Rf1 Be2 83. Rf5 Bf4 0-1

[Event "60th Russian Women's SuperFinal"]
[Site "Moscow RUS"]
[Date "2010.11.25"]
[EventDate "2010.11.16"]
[Round "9"]
[Result "0-1"]
[White "Anastasia Bodnaruk"]
[Black "Nazi Paikidze"]
[WhiteElo "2407"]
[BlackElo "2401"]
[PlyCount "146"]

1. e4 c5 2. Nc3 d6 3. f4 Nc6 4. Nf3 g6 5. d4 cxd4 6. Nxd4 Bg7
7. Be3 Nf6 8. Be2 O-O 9. Nb3 e5 10. O-O exf4 11. Bxf4 Re8
12. Qxd6 Qb6+ 13. Kh1 Nxe4 14. Nxe4 Rxe4 15. Bf3 Re6 16. Qd2
Re8 17. c3 Bf5 18. Rad1 Rad8 19. Qc1 Ne5 20. Be3 Qc7 21. Rxd8
Rxd8 22. Nd4 Nxf3 23. Nxf3 Be4 24. Qe1 Bd3 25. Rf2 Bc4 26. a3
Re8 27. Qd2 a6 28. Bd4 Bxd4 29. cxd4 Bd5 30. Ne5 Rc8 31. h3
Qc1+ 32. Kh2 Kg7 33. Nd3 Qxd2 34. Rxd2 f5 35. Kg3 g5 36. Nc5
Kf6 37. Kf2 Rc7 38. b4 h5 39. g3 h4 40. a4 hxg3+ 41. Kxg3 f4+
42. Kf2 Rh7 43. Re2 b6 44. Re5 bxc5 45. Rxd5 cxb4 46. Rd6+ Kf5
47. Rxa6 Rxh3 48. Rb6 Rh2+ 49. Kg1 Ra2 50. Rb5+ Kg4 51. a5 b3
52. Rxb3 Rxa5 53. Rd3 Kf5 54. Rd1 Ke4 55. Kf2 g4 56. Rd2 Rd5
57. Re2+ Kxd4 58. Re8 Ra5 59. Rd8+ Ke4 60. Re8+ Re5 61. Ra8
g3+ 62. Kg2 Kf5 63. Rf8+ Kg4 64. Rg8+ Rg5 65. Rf8 Rg7 66. Rf6
Ra7 67. Rg6+ Kf5 68. Rb6 Ra2+ 69. Kg1 Kg4 70. Rb4 Kh3 71. Rxf4
Ra1+ 72. Rf1 Rxf1+ 73. Kxf1 Kh2 0-1

[Event "60th Russian Women's SuperFinal"]
[Site "Moscow RUS"]
[Date "2010.11.26"]
[EventDate "2010.11.16"]
[Round "10"]
[Result "1/2-1/2"]
[White "Nadezhda Kosintseva"]
[Black "Nazi Paikidze"]
[WhiteElo "2576"]
[BlackElo "2401"]
[PlyCount "67"]

1. e4 c6 2. d4 d5 3. e5 Bf5 4. Nd2 e6 5. Nb3 Nd7 6. Nf3 a6
7. Be2 c5 8. dxc5 Bxc5 9. Nxc5 Nxc5 10. Nd4 Bg6 11. O-O Ne7
12. Be3 Qc7 13. f4 Nf5 14. Nxf5 Bxf5 15. Rc1 b5 16. c4 bxc4
17. Bxc4 dxc4 18. Rxc4 O-O 19. Rxc5 Qb7 20. Qe2 Rfd8 21. Rfc1
Bd3 22. Qf2 Rac8 23. b4 Be4 24. h3 h6 25. a3 Rxc5 26. Rxc5 Rd3
27. Bc1 Qd7 28. Kh2 Rd1 29. Rc3 Qd5 30. Rc8+ Kh7 31. Rc3 Kg8
32. Rc8+ Kh7 33. Rc3 Kg8 34. Rc8+ 1/2-1/2

[Event "60th Russian Women's SuperFinal"]
[Site "Moscow RUS"]
[Date "2010.11.27"]
[EventDate "2010.11.16"]
[Round "11"]
[Result "0-1"]
[White "Nazi Paikidze"]
[Black "Vera Nebolsina"]
[WhiteElo "2401"]
[BlackElo "2377"]
[PlyCount "48"]

1. e4 e5 2. Nf3 Nf6 3. d4 Nxe4 4. dxe5 d5 5. Nbd2 Nc5 6. Nb3
Nxb3 7. axb3 Be7 8. Bd3 O-O 9. h3 Nd7 10. O-O Nc5 11. Be2 f6
12. exf6 Bxf6 13. Be3 Ne4 14. c3 c6 15. b4 Qe8 16. Bd3 Qg6
17. Kh1 Bf5 18. Be2 Bd8 19. g4 Bc7 20. gxf5 Qxf5 21. Re1 Qxh3+
22. Kg1 Rxf3 23. Bxf3 Bh2+ 24. Kh1 Nxf2+ 0-1

[Event "Russian Team Championships (Women)"]
[Site "Olginka RUS"]
[Date "2011.04.21"]
[EventDate "2011.04.16"]
[Round "5"]
[Result "0-1"]
[White "Nazi Paikidze"]
[Black "Vera Nebolsina"]
[WhiteElo "2425"]
[BlackElo "2305"]
[PlyCount "82"]

1. d4 d5 2. c4 c6 3. Nc3 Nf6 4. Nf3 a6 5. e3 Bf5 6. Be2 e6
7. c5 Nbd7 8. O-O h6 9. b4 Be7 10. a4 O-O 11. Ba3 Qb8 12. h3
Bh7 13. Qb3 e5 14. b5 exd4 15. exd4 axb5 16. axb5 Re8 17. Ra2
Nf8 18. Rfa1 Ne6 19. Bc1 Rxa2 20. Rxa2 Ne4 21. Be3 Bf6 22. Na4
N4g5 23. Nxg5 hxg5 24. Qc3 Nf4 25. Bf1 Qc8 26. bxc6 bxc6
27. Kh2 Qf5 28. g3 Ne6 29. Be2 Ra8 30. Qb4 Qb1 31. Rb2 Qa1
32. Nb6 Ra3 33. Rd2 Be4 34. Rd1 Qa2 35. Rd2 Qa1 36. Rd1 Qa2
37. Rd2 Rb3 38. Rxa2 Rxb4 39. f3 Bb1 40. Ra8+ Kh7 41. Ra1 Rb2
0-1

[Event "Russian Team Championships (Women)"]
[Site "Olginka RUS"]
[Date "2011.04.22"]
[EventDate "2011.04.16"]
[Round "6"]
[Result "1-0"]
[White "Olga Ivkina"]
[Black "Nazi Paikidze"]
[WhiteElo "2289"]
[BlackElo "2425"]
[PlyCount "65"]

1. e4 c6 2. d4 d5 3. e5 Bf5 4. Nc3 e6 5. g4 Bg6 6. Nge2 h5
7. Nf4 Ne7 8. Nxg6 Nxg6 9. gxh5 Ne7 10. Bg5 Qb6 11. Na4 Qa5+
12. c3 Nd7 13. b4 Qc7 14. Qe2 a5 15. b5 Nc8 16. Rb1 Ncb6
17. bxc6 bxc6 18. Nxb6 Nxb6 19. Qg4 Na4 20. Bd2 Rb8 21. Rb3
Nb6 22. Bd3 a4 23. Rb1 Nc4 24. Rxb8+ Qxb8 25. Bc1 Nxe5
26. dxe5 Qxe5+ 27. Kd2 Be7 28. Kc2 Bf6 29. Qb4 d4 30. Ba3 dxc3
31. Be4 Qc7 32. Rd1 Bd8 33. Qc5 1-0

[Event "World Junior Championships (Girls)"]
[Site "Chennai IND"]
[Date "2011.08.14"]
[EventDate "2011.08.02"]
[Round "12"]
[Result "1-0"]
[White "Nazi Paikidze"]
[Black "Julia Dogodkina"]
[WhiteElo "2416"]
[BlackElo "2193"]
[PlyCount "51"]

1. d4 Nf6 2. c4 e6 3. Nc3 Bb4 4. f3 c5 5. d5 O-O 6. e4 d6
7. Nge2 b5 8. Ng3 Bb7 9. Bf4 bxc4 10. dxe6 d5 11. exf7+ Rxf7
12. exd5 Nxd5 13. Bd2 Qe8+ 14. Be2 Rd7 15. Qc1 Nc6 16. O-O Ne5
17. Nce4 Nd3 18. Qxc4 Nxb2 19. Qc2 Qe5 20. Bxb4 Qd4+ 21. Kh1
cxb4 22. Rfb1 Nc3 23. Rxb2 a5 24. Nxc3 Qxc3 25. Qxc3 bxc3
26. Rc2 1-0

[Event "Oslo Chess International"]
[Site "Oslo NOR"]
[Date "2011.10.05"]
[EventDate "2011.10.02"]
[Round "5"]
[Result "1-0"]
[White "Nazi Paikidze"]
[Black "Lars Oskar Hauge"]
[WhiteElo "2412"]
[BlackElo "2086"]
[PlyCount "119"]

1. Nf3 c5 2. e3 g6 3. d4 cxd4 4. exd4 Bg7 5. c3 Nf6 6. Bd3 O-O
7. O-O d5 8. h3 Nc6 9. Re1 a6 10. Bf4 b5 11. a4 bxa4 12. Qxa4
Qb6 13. Nbd2 Bd7 14. Qb3 Qd8 15. Rxa6 Rxa6 16. Bxa6 Qa5
17. Bd3 Bf5 18. Bxf5 gxf5 19. Qb7 Qa8 20. Qxa8 Rxa8 21. b4 Ne4
22. b5 Nd8 23. b6 Kf8 24. Nxe4 fxe4 25. Nd2 Ke8 26. Rb1 Nb7
27. Be3 Kd7 28. c4 e6 29. Rc1 Rc8 30. c5 Kc6 31. Ra1 e5
32. Nb3 f5 33. g3 f4 34. gxf4 exd4 35. Nxd4+ Bxd4 36. Bxd4
Nxc5 37. Rc1 Kxb6 38. f5 Kb5 39. Kh2 Rc6 40. Kg3 Nd7 41. Rb1+
Kc4 42. Bg7 Ra6 43. Rb7 Rd6 44. Rc7+ Kd3 45. Kf4 d4 46. Ra7
Kc2 47. Kxe4 d3 48. Ra2+ Kc1 49. Ra1+ Kc2 50. Ra2+ Kc1 51. Bd4
Rxd4+ 52. Kxd4 d2 53. Kc3 d1=N+ 54. Kd4 Nb2 55. Ra7 Nf6
56. Rf7 Ne8 57. Rxh7 Nd6 58. f6 Ne8 59. f7 Nc7 60. Rh6 1-0

[Event "Oslo Chess International"]
[Site "Oslo NOR"]
[Date "2011.10.08"]
[EventDate "2011.10.02"]
[Round "8.5"]
[Result "0-1"]
[White "Kaido Kulaots"]
[Black "Nazi Paikidze"]
[WhiteElo "2592"]
[BlackElo "2412"]
[PlyCount "114"]

1. e4 c5 2. Nf3 d6 3. d4 cxd4 4. Nxd4 Nf6 5. Nc3 a6 6. Be2 e5
7. Nb3 Be7 8. O-O O-O 9. Re1 Be6 10. Bf3 Qc7 11. a4 Rc8
12. Be3 Nbd7 13. a5 b5 14. axb6 Nxb6 15. Na5 Rab8 16. Be2 Nc4
17. Nxc4 Bxc4 18. Bxc4 Qxc4 19. Ra4 Qc6 20. Qa1 Qb7 21. b3 Rc6
22. Bg5 Rbc8 23. Bxf6 Rxc3 24. Bxe7 Qxe7 25. Rxa6 Rxc2 26. Qd1
R2c6 27. Rxc6 Rxc6 28. Qd5 Qb7 29. Rd1 g6 30. g3 Qb6 31. Rd3
Kg7 32. Kg2 Rc2 33. Rf3 Rc7 34. Qd2 Qc6 35. Qg5 Rb7 36. Qf6+
Kg8 37. Qd8+ Kg7 38. Qf6+ Kg8 39. Qh4 Kg7 40. b4 d5 41. exd5
Qxd5 42. Qf6+ Kg8 43. Kh3 Rxb4 44. Re3 Rb5 45. Qe7 Kg7 46. Re1
Qf3 47. Qa7 h5 48. Qe3 Qd5 49. Qe4 Qe6+ 50. Kg2 f5 51. Qa8 h4
52. Qa7+ Qf7 53. Qxf7+ Kxf7 54. gxh4 Kf6 55. h3 Rb3 56. Ra1 f4
57. Ra7 Kf5 0-1

[Event "Turkish Bank Chess League 2012"]
[Site "Konya TUR"]
[Date "2012.07.16"]
[EventDate "2012.07.11"]
[Round "6"]
[Result "1-0"]
[White "Nazi Paikidze"]
[Black "Gizem Sahin"]
[WhiteElo "2381"]
[BlackElo "1578"]
[PlyCount "55"]

1. d4 e6 2. Nf3 d5 3. c4 Nf6 4. Nc3 c5 5. cxd5 Nxd5 6. e3 Nxc3
7. bxc3 a6 8. Bd3 Nc6 9. O-O Be7 10. a4 Bd7 11. Bb2 O-O
12. Qe2 Rc8 13. Nd2 cxd4 14. exd4 Re8 15. f4 Qc7 16. Rf3 Bd6
17. Qf2 Ne7 18. c4 Qb8 19. Ne4 Bc6 20. d5 exd5 21. cxd5 Nxd5
22. Qd4 f6 23. Bc4 Bf8 24. Bxd5+ Bxd5 25. Qxd5+ Kh8 26. Nxf6
Bc5+ 27. Kh1 Red8 28. Qf5 1-0

[Event "Turkish Bank Chess League 2012"]
[Site "Konya TUR"]
[Date "2012.07.19"]
[EventDate "2012.07.11"]
[Round "10"]
[Result "1-0"]
[White "Nazi Paikidze"]
[Black "Selen Sop"]
[WhiteElo "2381"]
[BlackElo "2000"]
[PlyCount "69"]

1. d4 d5 2. Nf3 Nf6 3. e3 c6 4. Bd3 e6 5. b3 a6 6. Bb2 Be7
7. Nbd2 Nbd7 8. O-O O-O 9. Ne5 Re8 10. f4 Nf8 11. Kh1 Qc7
12. g4 g6 13. Qf3 b5 14. Qh3 Rd8 15. g5 Ne8 16. Ng4 f5
17. gxf6 Nxf6 18. Ne5 Bd6 19. Rg1 Bxe5 20. fxe5 Ne8 21. Ba3
Ng7 22. Bc5 a5 23. Raf1 Nf5 24. e4 dxe4 25. Nxe4 Qg7 26. Nf6+
Kh8 27. Rf4 Rb8 28. Bxf5 exf5 29. Bxf8 Rxf8 30. Nxh7 Qxh7
31. Rh4 Rb7 32. Rxg6 f4 33. e6 Qxh4 34. Qxh4+ Rh7 35. Rh6 1-0

[Event "Pan-Am Intercollegiate 2012"]
[Site "Princeton USA"]
[Date "2012.12.28"]
[EventDate "2012.12.27"]
[Round "3"]
[Result "0-1"]
[White "Nazi Paikidze"]
[Black "Julio Catalino Sadorra"]
[WhiteElo "2391"]
[BlackElo "2551"]
[PlyCount "86"]

1. d4 Nf6 2. c4 e6 3. Nf3 d5 4. Nc3 Bb4 5. cxd5 exd5 6. Bg5 h6
7. Bxf6 Qxf6 8. Qa4+ Nc6 9. e3 O-O 10. Be2 Be6 11. O-O a6
12. Qc2 Bd6 13. a3 Ne7 14. b4 Rad8 15. Na4 g5 16. Nc5 Bc8
17. Rac1 Ng6 18. Nd3 c6 19. a4 Rfe8 20. Qb2 g4 21. Nd2 Bf5
22. b5 cxb5 23. axb5 a5 24. b6 h5 25. g3 h4 26. Nc5 Re7
27. Rfe1 Kg7 28. Nf1 Rh8 29. Qb3 hxg3 30. fxg3 Be6 31. Qd1 Qg5
32. Nxe6+ fxe6 33. Bd3 Rf7 34. Qc2 Ne7 35. e4 Nc6 36. Qb2 e5
37. Rxc6 bxc6 38. exd5 cxd5 39. Ne3 e4 40. Bf1 Rf3 41. Ng2
Rxh2 42. Kxh2 Bxg3+ 43. Kg1 Qh6 0-1

[Event "Chess Olympiad (Women)"]
[Site "Tromso NOR"]
[Date "2016.09.11"]
[EventDate "2016.09.02"]
[Round "9.1"]
[Result "1-0"]
[White "Ju Wenjun"]
[Black "Nazi Paikidze"]
[WhiteElo "2583"]
[BlackElo "2366"]
[PlyCount "169"]

1. d4 Nf6 2. c4 e6 3. g3 d5 4. Bg2 Bb4+ 5. Nd2 O-O 6. Nf3 b6
7. O-O Bb7 8. Ne5 Nbd7 9. Nd3 Bxd2 10. Bxd2 Ne4 11. cxd5 Nxd2
12. Qxd2 exd5 13. Rac1 c6 14. Rc2 Qe7 15. Rfc1 Rac8 16. a4 Nf6
17. Qb4 Qc7 18. Qb3 Ba6 19. Bh3 Bc4 20. Qa3 Rce8 21. Ne5 c5
22. Nxc4 dxc4 23. e3 Ne4 24. Rxc4 Qe7 25. dxc5 Nxc5 26. Rd4
Rd8 27. Bg2 Qf6 28. Bd5 Ne6 29. Rdd1 g6 30. Qc3 Qxc3 31. Rxc3
Kg7 32. Kf1 Kf6 33. Ke2 Rc8 34. Rdc1 Rxc3 35. Rxc3 Nc5 36. b3
Ke5 37. Bc4 f5 38. Rc2 Rd8 39. f3 Kf6 40. Ra2 a5 41. Rb2 g5
42. Bb5 g4 43. b4 gxf3+ 44. Kxf3 axb4 45. Rxb4 Rd2 46. Be2 Ke5
47. Rxb6 Ne4 48. Rb5+ Kf6 49. Kf4 Nd6 50. Rb6 Ke7 51. Bf3 Rxh2
52. Bd5 Nc8 53. Re6+ Kd7 54. Kxf5 Ne7+ 55. Ke4 Rb2 56. Ra6
Rb4+ 57. Ke5 Ng6+ 58. Kf6 Kc7 59. a5 Ra4 60. e4 Nf8 61. Kg7
Nd7 62. Kxh7 Ra3 63. g4 Rg3 64. Rc6+ Kb8 65. a6 Ne5 66. Rf6
Nxg4 67. Rf7 Ra3 68. Rb7+ Kc8 69. a7 Nf6+ 70. Kg6 Nxd5
71. Rb8+ Kd7 72. a8=Q Rxa8 73. Rxa8 Ne3 74. Kf6 Ng4+ 75. Kf5
Ne3+ 76. Ke5 Nc4+ 77. Kf6 Nd6 78. Ra7+ Kd8 79. e5 Ne4+ 80. Ke6
Ng5+ 81. Kd5 Ke8 82. Rg7 Nf7 83. Rxf7 Kxf7 84. Kd6 Ke8 85. Ke6
1-0